Ruské lingvoreálie vytvorené politickým diskurzom

Autorka na základe skúseností so zostavovaním Glosáru ruských lingvoreálií podrobne analyzuje ruské lingvoreálie vytvorené politickým diskurzom (známe precedentné výrazy historického pôvodu, precedentné mená, precedentné situácie, sovietizmy, súčasné precedentné výroky). Venuje sa aj problematike ic...

Descrizione completa

Salvato in:
Dettagli Bibliografici
Autore principale: Dulebová, Irina
Natura: Capitolo di libro
Lingua:slovacco
Soggetti:
Tags: Aggiungi Tag
Nessun Tag, puoi essere il primo ad aggiungerne!!

MARC

LEADER 00000nla a2200000 4500
001 0234920
005 20240502073815.5
041 0 |a slo 
044 |a SK 
245 1 0 |a Ruské lingvoreálie vytvorené politickým diskurzom  |c Irina Dulebová 
520 |a Autorka na základe skúseností so zostavovaním Glosáru ruských lingvoreálií podrobne analyzuje ruské lingvoreálie vytvorené politickým diskurzom (známe precedentné výrazy historického pôvodu, precedentné mená, precedentné situácie, sovietizmy, súčasné precedentné výroky). Venuje sa aj problematike ich didaktického využitia ako jazykových kódov ruského lingvokultúrneho spoločenstva, ako aj ich súčasnej interpretácií v politickom a mediálnom diskurze. 
610 2 0 |a jazykoveda 
610 2 0 |a jazyky cudzie 
610 2 0 |a ruština 
610 2 0 |a vzdelávanie 
610 2 0 |a reálie 
610 2 0 |a politika 
610 2 0 |a história 
610 2 0 |a literatúra 
100 1 |a Dulebová, Irina